000 00245nam a2200097Ia 4500
001 687732
005 20250826161601.0
008 250824s9999 xx 000 0 und d
245 0 _aKAYIP SABAHLAR
_cAHMED GÜNBAY YILDIZ
260 _bTİMAŞ YAYINLARI
999 _c687732
_d687732